000 00965nam a2200265 a 4500
001 000004682
005 20200929151459.0
008 721010s1968 sp 000 f spa
040 _aDO-SdBNP
_bspa
_cBNPHU
082 _a843.914
_bM454r
100 1 _aMauriac, François,
_d1885-1970.
_913636
240 1 3 _aLe fleuve de feu: les anges noirs
_lEspañol.
245 1 3 _aEl río de fuego :
_blos ángeles negros /
_cFrançois Mauriac ; traducciones, José Sánchez, León Rozitcher.
246 1 3 _alos ángeles negros
260 _aBarcelona :
_bEditorial Planeta,
_c1968.
300 _a263 p. ;
_c18 cm.
490 1 _aLos clásicos del siglo xx
534 _aTítulos originales:
_tLe fleuve de feu: les anges noirs.
650 4 _aNovela francesa
_91075
650 4 _aLiteratura francesa
_91074
700 1 _aSánchez, José,
_etr.
_913637
740 4 4 _alos ángeles negros
700 1 _aRozitcher, León,
_etr.
_913638
830 0 _aLos clásicos del siglo xx.
_913639
999 _c4488
_d4488